• 首页
  • 本馆介绍
  • 公告通知
  • 最新文献
  • 馆藏检索
  • 电子资源
  • 读者导购
  • 参考咨询
  • 我的图书馆
  • 登录
  • 详细信息显示
  • 放入我的书架
  • 预约/预借图书
  • 作者相关作品
  • 分类相关作品
  • 丛书相关作品
  • 出版社相关作品

书目信息

  • 表格格式
  • 工作单格式
  • 卡片格式
书名: Business financial management
作者: Philip L. Cooley.
分册号:
分册名:
出版地: Fort Worth :
 
出版社: Dryden Press
出版时间: c1994.
页数: xxx, 890 p. :
开本: 27 cm.
丛书名:
中图分类号:
科图分类号:
其他分类号: F810.2
主题词:
电子资源:
000 00975pam a2200289 a 450
001 E0739736869
005 20070421141340.28
008 930707s1994 txua b 001 0 eng
010    @a93005795
020    @a0030970393.
035    @A(DLC) 93005795
040    @aDLC@cDLC@dDLC
050 00 @aHG4026@b.C63 1994
082 00 @a658.15@2 20
090    @aF810.2
099    @dF810.2@ex12
100 1  @aCooley, Philip L.
245 10 @aBusiness financial management / @cPhilip L. Cooley.
250    @a3rd ed.
260    @aFort Worth :@bDryden Press,@cc1994.
300    @axxx, 890 p. :@bill. (some col.) ;@c27 cm.
504    @aIncludes bibliographical references and index.
650  0 @aCorporations@xFinance.
650  0 @aBusiness enterprises@xFinance.
906    @a7@bcbc@corignew@d1@eocip@f19@gy-gencatlg
955    @apc03 to sa00 07-07-93; sc10/sc12 07-08-93; sb03 07-09-9;aa05 07-09-93; CIP ver. pv04 03-14-94
991    @bc-GenColl@hHG4026@i.C63 1994@tCopy 1@wBOOKS
    
    Business financial management / / Philip L. Cooley.-3rd ed.-Fort Worth : : Dryden Press, , c1994.
    xxx, 890 p. : : ill. (some col.) ; ; 27 cm.
    Includes bibliographical references and index.
    
    ISBN 0030970393.
    
●
相关链接 在E读中查询图书 在五车中查询图书 在当当中查询图书 在豆瓣中查询图书


正题名:Business financial management     索取号:F810.2/x12         预约/预借

序号 登录号 条形码 馆藏地/架位号 状态 备注
1 004261   300042610   第二样本阅览室/ [索取号:F810.2/x12] 在馆    
唐山师范学院图书馆 欢迎您!
大连网信软件有限公司© 版权所有